00270nam a2200121Ia 4500008004100000100002100041245002100062260002300083300000900106650001100115942000700126999001500133190216s9999||||xx |||||||||||||| ||und|| aSarivasthava H S 0aPlant Physiology bRasthogi Pubc1998 a485p aBotany cBK c1476d1476